000 00438nam a2200181Ia 4500
001 9124
005 20260306160700.0
008 260306t2013||||xx |||||||||||||| ||spa||
041 _aESP
082 _a372.7
_bS38
100 _aD´Amore, Bruno
_eAUT
245 0 _aLa semiótica en la didáctica de la matemática
260 _c2013
300 _a181 páginas :
_c24 cm.
650 _aGEN
654 _aCED
942 _cLIB
_dJUS
_fJUS
_2ddc
_n
999 _c9124
_d9124